| 000 | 00727nam a2200205 i 4500 | ||
|---|---|---|---|
| 001 | 166239 | ||
| 003 | ES-MaACL | ||
| 005 | 20230906213306.0 | ||
| 008 | 050908s1871 gw | |||||||| ||ger d | ||
| 040 |
_aCAM _bspa _cCAM |
||
| 100 | 1 |
_aThibaut, A. _9133212 |
|
| 245 | 1 | 0 |
_aVollständiges Wörterbuch der Französischen und Deutschen Sprache / _cvon M.A. Thibaut. |
| 250 | _a60. Aufl. | ||
| 260 |
_aBraunschweig : _bGeorge Westermann, _c1871. |
||
| 300 |
_a490, 440 p. ; _c24 cm. |
||
| 594 | _aPort. paralela en francés. | ||
| 650 | 4 |
_aLengua francesa- _vDiccionarios- _xAlemán. _914206 |
|
| 650 | 0 | 4 |
_aLengua alemana- _vDiccionarios- _xFrancés. _914083 |
| 852 |
_aES-MaACL _jD-3390 _z-- Enc. hol. _z-- Legado M. de la Fuente |
||
| 999 |
_c166239 _d166239 |
||